| 000 | 01500cam a2200361 a 4500 | ||
|---|---|---|---|
| 001 | EDZ0000085247 | ||
| 003 | StDuBDS | ||
| 005 | 20161031105158.0 | ||
| 006 | m||||||||d|||||||| | ||
| 007 | cr ||||||||||| | ||
| 008 | 120521s1996 cau fo| 000|0|eng|d | ||
| 020 |
_a9781452233505 (ebook) : _cNo price |
||
| 040 |
_aStDuBDS _beng _cStDuBDS _epn |
||
| 049 | _aAlfaisal Main Library | ||
| 050 | 0 |
_aJF1351 _b.R425 1996 |
|
| 082 | 0 | 4 |
_a350 _223 |
| 245 | 0 | 0 |
_aRefounding democratic public administration _h[electronic resource] : _bmodern paradoxes, postmodern challenges / _cedited by Gary L. Wamsley, James F. Wolf. |
| 260 |
_aThousand Oaks, Calif. ; _aLondon : _bSAGE, _cc1996. |
||
| 300 | _a1 online resource (xi, 404 p.) | ||
| 520 | 8 | _a'Refounding Democratic Public Administration' considers what public administration can or should do to compensate for political leaders who are unable to get consensus on goals, or direct a course which is good for the country. | |
| 521 | _aSpecialized. | ||
| 588 | _aDescription based on print version record. | ||
| 504 | _aIncludes bibliographical references. | ||
| 650 | 0 | _aPublic administration. | |
| 650 | 0 | _aDemocracy. | |
| 655 | 7 |
_aElectronic books. _2local |
|
| 700 | 1 | _aWamsley, Gary L. | |
| 700 | 1 | _aWolf, James F. | |
| 710 | 2 | _aSage eBooks | |
| 776 | 0 | 8 |
_iPrint version : _z9780803959774 |
| 856 | 4 | 0 | _uhttp://ezproxy.alfaisal.edu/login?url=http://sk.sagepub.com/books/refounding-democratic-public-administration |
| 942 |
_2lcc _cEBOOKS |
||
| 999 |
_c481064 _d481064 |
||